000 00757cab a2200241 4500
001 ABS45945
008 090401t1992 xxu||||| |||| 00| 0 eng d
035 _a(Sirsi) u56015
041 _aeng
100 _aLarner, A.
245 _aDigital maps: what you see is not what you get
260 _c1992
350 _a0
490 _aCS Monthly : Land and Hydrographic Survey
_v1(6) March 1992, 4-5(2)
520 _aExamines the use of copyright law to protect the use of computerised digital maps.
650 _aCOMPUTERS
650 _aCOPYRIGHT DESIGNS AND PATENTS ACT 1988
650 _aCOPYRIGHT LAW
690 _aMANAGEMENT-BUSINESS MANAGEMENT-INFORMATION MANAGEMENT
690 _aMAPPING AND MEASUREMENT
942 _n0
948 _c04/03/1997
999 _c34208
_d34208